| 000 | 00538nam a2200217Ia 4500 | ||
|---|---|---|---|
| 008 | 170203s9999 xx 000 0 und d | ||
| 020 | _a0-375800026 | ||
| 050 | _aFic | ||
| 050 | _b.T458s 1999 | ||
| 100 | _aThomas, Jim. | ||
| 245 | _aStar Wars, Episode I. Dangers of the core / | ||
| 245 | _cJim Thomas. | ||
| 260 | _aNew York : | ||
| 260 | _bRandom House, | ||
| 260 | _c1999 | ||
| 300 | _a48 pages ; | ||
| 300 | _bcol. ill. ; | ||
| 300 | _c23 cm. | ||
| 440 | _aJedi readers. Step 3 book. | ||
| 650 | _aScience fiction. | ||
| 999 |
_c306108 _d306108 |
||